A textbook of Refrigeration and Air-Conditioning (Record no. 152312)
[ view plain ]
| 000 -LEADER | |
|---|---|
| fixed length control field | 00673nam a22001937a 4500 |
| 005 - DATE AND TIME OF LATEST TRANSACTION | |
| control field | 20180528122149.0 |
| 020 ## - INTERNATIONAL STANDARD BOOK NUMBER | |
| International Standard Book Number | 9789350142554 |
| Terms of availability | 595.00 |
| 037 ## - SOURCE OF ACQUISITION | |
| Source of stock number/acquisition | RK Books |
| 082 ## - DEWEY DECIMAL CLASSIFICATION NUMBER | |
| Classification number | 621.56 |
| 100 ## - MAIN ENTRY--PERSONAL NAME | |
| Personal name | Rajput, R.K. |
| 245 ## - TITLE STATEMENT | |
| Title | A textbook of Refrigeration and Air-Conditioning |
| Statement of responsibility, etc | R.K.Rajput |
| 250 ## - EDITION STATEMENT | |
| Edition statement | 3rd ed. |
| 260 ## - PUBLICATION, DISTRIBUTION, ETC. (IMPRINT) | |
| Place of publication, distribution, etc | New Delhi |
| Name of publisher, distributor, etc | S.K.Kataria |
| Date of publication, distribution, etc | 2017 |
| 270 ## - ADDRESS | |
| Address | 4885/109, Prakash Mahal, Opp. Delhi Medical Association, Daryaganj |
| City | New Delhi |
| Postal code | 110002 |
| 300 ## - PHYSICAL DESCRIPTION | |
| Extent | xx, 902p. |
| Other physical details | ill. |
| Dimensions | 25cm. |
| 500 ## - GENERAL NOTE | |
| General note | Include Index |
| 942 ## - ADDED ENTRY ELEMENTS (KOHA) | |
| Source of classification or shelving scheme | Dewey Decimal Classification |
| Item type | English Books |
| Classification part | 621.56 |
| Call number suffix | RAJ |
No items available.
